বেসিক ইলেকট্রিক্যাল ইঞ্জিনিয়ারিং Basic Electrical Engineering (with Lab Manual) (Record no. 2648)

MARC details
000 -LEADER
Fixed length control field 00586nam a2200193 4500
003 - CONTROL NUMBER IDENTIFIER
Control field SEACOMEC
005 - DATE AND TIME OF LATEST TRANSACTION
Control field 20260411120404.0
008 - FIXED-LENGTH DATA ELEMENTS--GENERAL INFORMATION
Fixed length control field 260411b |||||||| |||| 00| 0 eng d
020 ## - INTERNATIONAL STANDARD BOOK NUMBER / ISBN
International Standard Book Number 978-93-55381-09-5
040 ## - CATALOGING SOURCE
Original cataloging agency SEACOMEC
041 ## - LANGUAGE CODE
Language code Ben
082 ## - DEWEY DECIMAL CLASSIFICATION NUMBER
Classification number 621.3
Book Number S998
100 ## - MAIN ENTRY--PERSONAL NAME
Personal name Sahdev, S. K.
245 ## - TITLE STATEMENT
Title বেসিক ইলেকট্রিক্যাল ইঞ্জিনিয়ারিং Basic Electrical Engineering (with Lab Manual)
Statement of responsibility S. K. Sahdev
260 ## - IMPRINT
Place of publication New Delhi
Name of publisher Khanna
Date of publication 2025
300 ## - PHYSICAL DESCRIPTION
Page / Vol. No 378
650 ## - SUBJECT ADDED ENTRY--TOPICAL TERM
Topical term Electrical Engineering
942 ## - ADDED ENTRY ELEMENTS (KOHA)
Koha item type Gifted/Donated Books
Holdings
Withdrawn status Lost status Source of classification Damaged status Not for loan Home library Current library Date acquired Total Checkouts Call number Accession number Date last seen Price effective from Koha item type
    Dewey Decimal Classification     SEACOM ENGINEERING COLLEGE SEACOM ENGINEERING COLLEGE 11/04/2026   621.3 S998 G549 11/04/2026 11/04/2026 Gifted/Donated Books
    Dewey Decimal Classification     SEACOM ENGINEERING COLLEGE SEACOM ENGINEERING COLLEGE 11/04/2026   621.3 S998 G550 11/04/2026 11/04/2026 Gifted/Donated Books
    Dewey Decimal Classification     SEACOM ENGINEERING COLLEGE SEACOM ENGINEERING COLLEGE 11/04/2026   621.3 S998 G551 11/04/2026 11/04/2026 Gifted/Donated Books
© Seacom Engineering College, All rights reserved.      Powered by Koha